000 02609cam a2200385 a 4500
001 15093837
005 20170105102937.0
008 071127s2008 enka b 001 0 eng
010 _a 2007048589
020 _a9780415441094 (hardback)
020 _a0415441099 (hardback)
020 _a9780203092651 (ebook)
020 _a0203092651 (ebook)
035 _a(OCoLC)ocn182779362
040 _aDLC
_cDLC
_dBAKER
_dBTCTA
_dYDXCP
_dBWKUK
_dBWK
_dBWX
_dPMC
_dDLC
043 _an-us---
050 0 0 _aHV6431
_b.S423 2008
082 0 0 _a363.325
_222
_bSEC 2008
245 0 0 _aSecuring 'the homeland' :
_bcritical infrastructure, risk and (in)security /
_cedited by Myriam Dunn Cavelty and Kristian Søby Kristensen.
260 _aLondon ;
_aNew York :
_bRoutledge,
_c2008.
300 _axv, 191 p. :
_bill. ;
_c24 cm.
440 0 _aCSS studies in security and international relations
504 _aIncludes bibliographical references and index.
505 0 _aIntroduction : Securing the homeland : critical infrastructure, risk, and (in)security / Myriam Dunn Cavelty and Kristian Søby Kristensen -- The vulnerability of vital systems : how 'critical infrastructure' became a security problem / Stephen J. Collier and Andrew Lakoff -- Like a phoenix from the ashes : the reinvention of critical infrastructure protection as distributed security / Myriam Dunn Cavelty -- 'The absolute protection of our citizens' : critical infrastructure protection and the practice of security / Kristian Søby Kristensen -- Critical infrastructures and network pathologies : the semiotics and biopolitics of heteropolarity / James der Derian and Jesse Finkelstein -- Media, fear and the hyperreal : the construction of cyberterrorism as the ultimate threat to critical infrastructures / Maura Conway -- Homeland security through traceability : technologies of control as critical infrastructures / Philippe Bonditti -- The gendered narratives of homeland security : anarchy at the front door makes home a haven / Elgin M. Brunner -- Conclusion : The biopolitics of critical infrastructure protection / Julian Reid.
650 0 _aTerrorism
_xPrevention.
650 0 _aNational security.
651 0 _aUnited States
_xPolitics and government.
651 0 _aUnited States
_xForeign relations.
700 1 _aDunn Cavelty, Myriam.
700 1 _aKristensen, Kristian Søby.
856 4 1 _3Table of contents only
_uhttp://www.loc.gov/catdir/toc/ecip085/2007048589.html
906 _a7
_bcbc
_corignew
_d1
_eecip
_f20
_gy-gencatlg
942 _2ddc
_cBK
999 _c16305
_d16305